Statistics for Countries by Borders, Almost-Borders and Almost-Almost-Borders in 15 Seconds, with a Map

Click here to take the quiz!

General Stats

  • This quiz has been taken 5,180 times
  • The average score is 130 of 157

Answers on the Map

Answers color-coded by a green-red scale on the quiz's map according to % correct below.
 

Answer Stats

AnswersCountry% Correct
50 - Austria, Belgium, Czech Republic, Denmark, France, Luxembourg, Netherlands, Poland, Switzerland, Andorra, Belarus, Brazil, Hungary, Italy, Liechtenstein, Lithuania, Monaco, Russia, Slovakia, Slovenia, Spain, Suriname, Ukraine, Argentina, Azerbaijan, Bolivia, China, Colombia, Croatia, Estonia, Finland, Georgia, Guyana, Kazakhstan, Latvia, Moldova, Mongolia, Morocco, North Korea, Norway, Paraguay, Peru, Portugal, Romania, San Marino, Serbia, United Kingdom, Uruguay, Vatican City, VenezuelaGermany
99%
55 - Belarus, Czech Republic, Germany, Lithuania, Russia, Slovakia, Ukraine, Austria, Azerbaijan, Belgium, China, Denmark, Estonia, Finland, France, Georgia, Hungary, Kazakhstan, Latvia, Luxembourg, Moldova, Mongolia, Netherlands, North Korea, Norway, Romania, Switzerland, Afghanistan, Andorra, Armenia, Bhutan, Brazil, Bulgaria, Burma, Croatia, India, Iran, Italy, Kyrgyzstan, Laos, Liechtenstein, Monaco, Nepal, Pakistan, Serbia, Slovenia, South Korea, Spain, Suriname, Sweden, Tajikistan, Turkey, Turkmenistan, Uzbekistan, VietnamPoland
99%
36 - France, Germany, Luxembourg, Netherlands, Andorra, Austria, Brazil, Czech Republic, Denmark, Italy, Monaco, Poland, Spain, Suriname, Switzerland, Argentina, Belarus, Bolivia, Colombia, Guyana, Hungary, Liechtenstein, Lithuania, Morocco, Paraguay, Peru, Portugal, Russia, San Marino, Slovakia, Slovenia, Ukraine, United Kingdom, Uruguay, Vatican City, VenezuelaBelgium
98%
39 - Austria, Germany, Poland, Slovakia, Belarus, Belgium, Denmark, France, Hungary, Italy, Liechtenstein, Lithuania, Luxembourg, Netherlands, Russia, Slovenia, Switzerland, Ukraine, Andorra, Azerbaijan, Brazil, China, Croatia, Estonia, Finland, Georgia, Kazakhstan, Latvia, Moldova, Monaco, Mongolia, North Korea, Norway, Romania, San Marino, Serbia, Spain, Suriname, Vatican CityCzech Republic
98%
43 - Andorra, Belgium, Brazil, Germany, Italy, Luxembourg, Monaco, Netherlands, Spain, Suriname, Switzerland, Argentina, Austria, Bolivia, Colombia, Czech Republic, Denmark, Guyana, Liechtenstein, Morocco, Paraguay, Peru, Poland, Portugal, San Marino, Slovenia, United Kingdom, Uruguay, Vatican City, Venezuela, Algeria, Belarus, Chile, Croatia, Ecuador, Hungary, Ireland, Lithuania, Mauritania, Panama, Russia, Slovakia, UkraineFrance
98%
36 - Belgium, France, Germany, Andorra, Austria, Brazil, Czech Republic, Denmark, Italy, Monaco, Netherlands, Poland, Spain, Suriname, Switzerland, Argentina, Belarus, Bolivia, Colombia, Guyana, Hungary, Liechtenstein, Lithuania, Morocco, Paraguay, Peru, Portugal, Russia, San Marino, Slovakia, Slovenia, Ukraine, United Kingdom, Uruguay, Vatican City, VenezuelaLuxembourg
98%
36 - Belgium, France, Germany, Andorra, Austria, Brazil, Czech Republic, Denmark, Italy, Luxembourg, Monaco, Poland, Spain, Suriname, Switzerland, Argentina, Belarus, Bolivia, Colombia, Guyana, Hungary, Liechtenstein, Lithuania, Morocco, Paraguay, Peru, Portugal, Russia, San Marino, Slovakia, Slovenia, Ukraine, United Kingdom, Uruguay, Vatican City, VenezuelaNetherlands
98%
39 - Austria, France, Germany, Italy, Liechtenstein, Andorra, Belgium, Brazil, Czech Republic, Denmark, Hungary, Luxembourg, Monaco, Netherlands, Poland, San Marino, Slovakia, Slovenia, Spain, Suriname, Vatican City, Argentina, Belarus, Bolivia, Colombia, Croatia, Guyana, Lithuania, Morocco, Paraguay, Peru, Portugal, Romania, Russia, Serbia, Ukraine, United Kingdom, Uruguay, VenezuelaSwitzerland
98%
34 - Czech Republic, Germany, Hungary, Italy, Liechtenstein, Slovakia, Slovenia, Switzerland, Belgium, Croatia, Denmark, France, Luxembourg, Netherlands, Poland, Romania, San Marino, Serbia, Ukraine, Vatican City, Andorra, Belarus, Bosnia and Herzegovina, Brazil, Bulgaria, Kosovo, Lithuania, Macedonia, Moldova, Monaco, Montenegro, Russia, Spain, SurinameAustria
97%
32 - Algeria, Mauritania, Spain, Andorra, France, Libya, Mali, Niger, Portugal, Senegal, Tunisia, United Kingdom, Belgium, Benin, Brazil, Burkina Faso, Chad, Cote d'Ivoire, Egypt, Gambia, Germany, Guinea, Guinea-Bissau, Ireland, Italy, Luxembourg, Monaco, Netherlands, Nigeria, Sudan, Suriname, SwitzerlandMorocco
97%
34 - Austria, Croatia, Hungary, Italy, Bosnia and Herzegovina, Czech Republic, France, Germany, Liechtenstein, Montenegro, Romania, San Marino, Serbia, Slovakia, Switzerland, Ukraine, Vatican City, Albania, Andorra, Belarus, Belgium, Brazil, Bulgaria, Denmark, Kosovo, Luxembourg, Macedonia, Moldova, Monaco, Netherlands, Poland, Russia, Spain, SurinameSlovenia
97%
48 - Latvia, Lithuania, Poland, Russia, Ukraine, Azerbaijan, China, Czech Republic, Estonia, Finland, Georgia, Germany, Hungary, Kazakhstan, Moldova, Mongolia, North Korea, Norway, Romania, Slovakia, Afghanistan, Armenia, Austria, Belgium, Bhutan, Bulgaria, Burma, Croatia, Denmark, France, India, Iran, Kyrgyzstan, Laos, Luxembourg, Nepal, Netherlands, Pakistan, Serbia, Slovenia, South Korea, Sweden, Switzerland, Tajikistan, Turkey, Turkmenistan, Uzbekistan, VietnamBelarus
96%
43 - Afghanistan, Bhutan, Burma, India, Kazakhstan, Kyrgyzstan, Laos, Mongolia, Nepal, North Korea, Pakistan, Russia, Tajikistan, Vietnam, Azerbaijan, Bangladesh, Belarus, Cambodia, Estonia, Finland, Georgia, Iran, Latvia, Lithuania, Norway, Poland, South Korea, Sri Lanka, Thailand, Turkmenistan, Ukraine, Uzbekistan, Armenia, Czech Republic, Germany, Hungary, Iraq, Malaysia, Moldova, Romania, Slovakia, Sweden, TurkeyChina
96%
23 - Germany, Austria, Belgium, Czech Republic, France, Luxembourg, Netherlands, Poland, Switzerland, Andorra, Belarus, Brazil, Hungary, Italy, Liechtenstein, Lithuania, Monaco, Russia, Slovakia, Slovenia, Spain, Suriname, UkraineDenmark
96%
42 - China, Kyrgyzstan, Russia, Turkmenistan, Uzbekistan, Afghanistan, Azerbaijan, Belarus, Bhutan, Burma, Estonia, Finland, Georgia, India, Iran, Laos, Latvia, Lithuania, Mongolia, Nepal, North Korea, Norway, Pakistan, Poland, Tajikistan, Ukraine, Vietnam, Armenia, Bangladesh, Cambodia, Czech Republic, Germany, Hungary, Iraq, Moldova, Romania, Slovakia, South Korea, Sri Lanka, Sweden, Thailand, TurkeyKazakhstan
96%
44 - Belarus, Latvia, Poland, Russia, Azerbaijan, China, Czech Republic, Estonia, Finland, Georgia, Germany, Kazakhstan, Mongolia, North Korea, Norway, Slovakia, Ukraine, Afghanistan, Armenia, Austria, Belgium, Bhutan, Burma, Denmark, France, Hungary, India, Iran, Kyrgyzstan, Laos, Luxembourg, Moldova, Nepal, Netherlands, Pakistan, Romania, South Korea, Sweden, Switzerland, Tajikistan, Turkey, Turkmenistan, Uzbekistan, VietnamLithuania
96%
41 - China, Russia, Afghanistan, Azerbaijan, Belarus, Bhutan, Burma, Estonia, Finland, Georgia, India, Kazakhstan, Kyrgyzstan, Laos, Latvia, Lithuania, Nepal, North Korea, Norway, Pakistan, Poland, Tajikistan, Ukraine, Vietnam, Armenia, Bangladesh, Cambodia, Czech Republic, Germany, Hungary, Iran, Moldova, Romania, Slovakia, South Korea, Sri Lanka, Sweden, Thailand, Turkey, Turkmenistan, UzbekistanMongolia
96%
41 - China, Russia, South Korea, Afghanistan, Azerbaijan, Belarus, Bhutan, Burma, Estonia, Finland, Georgia, India, Kazakhstan, Kyrgyzstan, Laos, Latvia, Lithuania, Mongolia, Nepal, Norway, Pakistan, Poland, Tajikistan, Ukraine, Vietnam, Armenia, Bangladesh, Cambodia, Czech Republic, Germany, Hungary, Iran, Moldova, Romania, Slovakia, Sri Lanka, Sweden, Thailand, Turkey, Turkmenistan, UzbekistanNorth Korea
96%
55 - Azerbaijan, Belarus, China, Estonia, Finland, Georgia, Kazakhstan, Latvia, Lithuania, Mongolia, North Korea, Norway, Poland, Ukraine, Afghanistan, Armenia, Bhutan, Burma, Czech Republic, Germany, Hungary, India, Iran, Kyrgyzstan, Laos, Moldova, Nepal, Pakistan, Romania, Slovakia, South Korea, Sweden, Tajikistan, Turkey, Turkmenistan, Uzbekistan, Vietnam, Austria, Bangladesh, Belgium, Bulgaria, Cambodia, Croatia, Denmark, France, Greece, Iraq, Luxembourg, Netherlands, Serbia, Slovenia, Sri Lanka, Switzerland, Syria, ThailandRussia
96%
38 - Andorra, France, Morocco, Portugal, United Kingdom, Algeria, Belgium, Brazil, Germany, Ireland, Italy, Luxembourg, Mauritania, Monaco, Netherlands, Suriname, Switzerland, Argentina, Austria, Bolivia, Colombia, Czech Republic, Denmark, Guyana, Libya, Liechtenstein, Mali, Niger, Paraguay, Peru, Poland, San Marino, Senegal, Slovenia, Tunisia, Uruguay, Vatican City, VenezuelaSpain
96%
55 - Belarus, Hungary, Moldova, Poland, Romania, Russia, Slovakia, Austria, Azerbaijan, Bulgaria, China, Croatia, Czech Republic, Estonia, Finland, Georgia, Germany, Kazakhstan, Latvia, Lithuania, Mongolia, North Korea, Norway, Serbia, Slovenia, Afghanistan, Armenia, Belgium, Bhutan, Bosnia and Herzegovina, Burma, Denmark, France, Greece, India, Iran, Italy, Kosovo, Kyrgyzstan, Laos, Liechtenstein, Luxembourg, Macedonia, Montenegro, Nepal, Netherlands, Pakistan, South Korea, Sweden, Switzerland, Tajikistan, Turkey, Turkmenistan, Uzbekistan, VietnamUkraine
96%
41 - China, Iran, Pakistan, Tajikistan, Turkmenistan, Uzbekistan, Armenia, Azerbaijan, Bhutan, Burma, India, Iraq, Kazakhstan, Kyrgyzstan, Laos, Mongolia, Nepal, North Korea, Russia, Turkey, Vietnam, Bangladesh, Belarus, Bulgaria, Cambodia, Estonia, Finland, Georgia, Greece, Jordan, Kuwait, Latvia, Lithuania, Norway, Poland, Saudi Arabia, South Korea, Sri Lanka, Syria, Thailand, UkraineAfghanistan
95%
36 - Azerbaijan, Georgia, Iran, Turkey, Afghanistan, Bulgaria, Greece, Iraq, Pakistan, Russia, Syria, Turkmenistan, Albania, Belarus, China, Estonia, Finland, India, Israel, Jordan, Kazakhstan, Kuwait, Latvia, Lebanon, Lithuania, Macedonia, Mongolia, North Korea, Norway, Poland, Romania, Saudi Arabia, Serbia, Tajikistan, Ukraine, UzbekistanArmenia
95%
49 - Armenia, Georgia, Iran, Russia, Turkey, Afghanistan, Belarus, Bulgaria, China, Estonia, Finland, Greece, Iraq, Kazakhstan, Latvia, Lithuania, Mongolia, North Korea, Norway, Pakistan, Poland, Syria, Turkmenistan, Ukraine, Albania, Bhutan, Burma, Czech Republic, Germany, Hungary, India, Israel, Jordan, Kuwait, Kyrgyzstan, Laos, Lebanon, Macedonia, Moldova, Nepal, Romania, Saudi Arabia, Serbia, Slovakia, South Korea, Sweden, Tajikistan, Uzbekistan, VietnamAzerbaijan
95%
32 - China, India, Afghanistan, Bangladesh, Burma, Kazakhstan, Kyrgyzstan, Laos, Mongolia, Nepal, North Korea, Pakistan, Russia, Sri Lanka, Tajikistan, Vietnam, Azerbaijan, Belarus, Cambodia, Estonia, Finland, Georgia, Iran, Latvia, Lithuania, Norway, Poland, South Korea, Thailand, Turkmenistan, Ukraine, UzbekistanBhutan
95%
37 - Latvia, Russia, Azerbaijan, Belarus, China, Finland, Georgia, Kazakhstan, Lithuania, Mongolia, North Korea, Norway, Poland, Ukraine, Afghanistan, Armenia, Bhutan, Burma, Czech Republic, Germany, Hungary, India, Iran, Kyrgyzstan, Laos, Moldova, Nepal, Pakistan, Romania, Slovakia, South Korea, Sweden, Tajikistan, Turkey, Turkmenistan, Uzbekistan, VietnamEstonia
95%
37 - Norway, Russia, Sweden, Azerbaijan, Belarus, China, Estonia, Georgia, Kazakhstan, Latvia, Lithuania, Mongolia, North Korea, Poland, Ukraine, Afghanistan, Armenia, Bhutan, Burma, Czech Republic, Germany, Hungary, India, Iran, Kyrgyzstan, Laos, Moldova, Nepal, Pakistan, Romania, Slovakia, South Korea, Tajikistan, Turkey, Turkmenistan, Uzbekistan, VietnamFinland
95%
49 - Armenia, Azerbaijan, Russia, Turkey, Belarus, Bulgaria, China, Estonia, Finland, Greece, Iran, Iraq, Kazakhstan, Latvia, Lithuania, Mongolia, North Korea, Norway, Poland, Syria, Ukraine, Afghanistan, Albania, Bhutan, Burma, Czech Republic, Germany, Hungary, India, Israel, Jordan, Kuwait, Kyrgyzstan, Laos, Lebanon, Macedonia, Moldova, Nepal, Pakistan, Romania, Saudi Arabia, Serbia, Slovakia, South Korea, Sweden, Tajikistan, Turkmenistan, Uzbekistan, VietnamGeorgia
95%
42 - Austria, Croatia, Romania, Serbia, Slovakia, Slovenia, Ukraine, Belarus, Bosnia and Herzegovina, Bulgaria, Czech Republic, Germany, Italy, Kosovo, Liechtenstein, Macedonia, Moldova, Montenegro, Poland, Russia, Switzerland, Albania, Azerbaijan, Belgium, China, Denmark, Estonia, Finland, France, Georgia, Greece, Kazakhstan, Latvia, Lithuania, Luxembourg, Mongolia, Netherlands, North Korea, Norway, San Marino, Turkey, Vatican CityHungary
95%
36 - Bangladesh, Bhutan, Burma, China, Nepal, Pakistan, Sri Lanka, Afghanistan, Iran, Kazakhstan, Kyrgyzstan, Laos, Mongolia, North Korea, Russia, Tajikistan, Thailand, Vietnam, Armenia, Azerbaijan, Belarus, Cambodia, Estonia, Finland, Georgia, Iraq, Latvia, Lithuania, Malaysia, Norway, Poland, South Korea, Turkey, Turkmenistan, Ukraine, UzbekistanIndia
95%
48 - Afghanistan, Armenia, Azerbaijan, Iraq, Pakistan, Turkey, Turkmenistan, Bulgaria, China, Georgia, Greece, India, Jordan, Kazakhstan, Kuwait, Russia, Saudi Arabia, Syria, Tajikistan, Uzbekistan, Albania, Bangladesh, Belarus, Bhutan, Burma, Estonia, Finland, Israel, Kyrgyzstan, Laos, Latvia, Lebanon, Lithuania, Macedonia, Mongolia, Nepal, North Korea, Norway, Oman, Poland, Qatar, Romania, Serbia, Sri Lanka, Ukraine, United Arab Emirates, Vietnam, YemenIran
95%
31 - Iran, Jordan, Kuwait, Saudi Arabia, Syria, Turkey, Afghanistan, Armenia, Azerbaijan, Bulgaria, Georgia, Greece, Israel, Lebanon, Oman, Pakistan, Qatar, Turkmenistan, United Arab Emirates, Yemen, Albania, China, Egypt, India, Kazakhstan, Macedonia, Romania, Russia, Serbia, Tajikistan, UzbekistanIraq
95%
32 - China, Kazakhstan, Tajikistan, Uzbekistan, Afghanistan, Bhutan, Burma, India, Laos, Mongolia, Nepal, North Korea, Pakistan, Russia, Turkmenistan, Vietnam, Azerbaijan, Bangladesh, Belarus, Cambodia, Estonia, Finland, Georgia, Iran, Latvia, Lithuania, Norway, Poland, South Korea, Sri Lanka, Thailand, UkraineKyrgyzstan
95%
35 - Burma, Cambodia, China, Thailand, Vietnam, Afghanistan, Bangladesh, Bhutan, India, Kazakhstan, Kyrgyzstan, Malaysia, Mongolia, Nepal, North Korea, Pakistan, Russia, Tajikistan, Azerbaijan, Belarus, Brunei, Estonia, Finland, Georgia, Indonesia, Iran, Latvia, Lithuania, Norway, Poland, South Korea, Sri Lanka, Turkmenistan, Ukraine, UzbekistanLaos
95%
37 - Belarus, Estonia, Lithuania, Russia, Azerbaijan, China, Finland, Georgia, Kazakhstan, Mongolia, North Korea, Norway, Poland, Ukraine, Afghanistan, Armenia, Bhutan, Burma, Czech Republic, Germany, Hungary, India, Iran, Kyrgyzstan, Laos, Moldova, Nepal, Pakistan, Romania, Slovakia, South Korea, Sweden, Tajikistan, Turkey, Turkmenistan, Uzbekistan, VietnamLatvia
95%
35 - Bangladesh, China, India, Laos, Thailand, Afghanistan, Bhutan, Cambodia, Kazakhstan, Kyrgyzstan, Malaysia, Mongolia, Nepal, North Korea, Pakistan, Russia, Sri Lanka, Tajikistan, Vietnam, Azerbaijan, Belarus, Brunei, Estonia, Finland, Georgia, Indonesia, Iran, Latvia, Lithuania, Norway, Poland, South Korea, Turkmenistan, Ukraine, UzbekistanMyanmar
95%
32 - China, India, Afghanistan, Bangladesh, Bhutan, Burma, Kazakhstan, Kyrgyzstan, Laos, Mongolia, North Korea, Pakistan, Russia, Sri Lanka, Tajikistan, Vietnam, Azerbaijan, Belarus, Cambodia, Estonia, Finland, Georgia, Iran, Latvia, Lithuania, Norway, Poland, South Korea, Thailand, Turkmenistan, Ukraine, UzbekistanNepal
95%
37 - Finland, Russia, Sweden, Azerbaijan, Belarus, China, Estonia, Georgia, Kazakhstan, Latvia, Lithuania, Mongolia, North Korea, Poland, Ukraine, Afghanistan, Armenia, Bhutan, Burma, Czech Republic, Germany, Hungary, India, Iran, Kyrgyzstan, Laos, Moldova, Nepal, Pakistan, Romania, Slovakia, South Korea, Tajikistan, Turkey, Turkmenistan, Uzbekistan, VietnamNorway
95%
41 - Afghanistan, China, India, Iran, Armenia, Azerbaijan, Bangladesh, Bhutan, Burma, Iraq, Kazakhstan, Kyrgyzstan, Laos, Mongolia, Nepal, North Korea, Russia, Sri Lanka, Tajikistan, Turkey, Turkmenistan, Uzbekistan, Vietnam, Belarus, Bulgaria, Cambodia, Estonia, Finland, Georgia, Greece, Jordan, Kuwait, Latvia, Lithuania, Norway, Poland, Saudi Arabia, South Korea, Syria, Thailand, UkrainePakistan
95%
39 - Bulgaria, Hungary, Moldova, Serbia, Ukraine, Austria, Belarus, Bosnia and Herzegovina, Croatia, Greece, Kosovo, Macedonia, Montenegro, Poland, Russia, Slovakia, Slovenia, Turkey, Albania, Armenia, Azerbaijan, China, Czech Republic, Estonia, Finland, Georgia, Germany, Iran, Iraq, Italy, Kazakhstan, Latvia, Liechtenstein, Lithuania, Mongolia, North Korea, Norway, Switzerland, SyriaRomania
95%
39 - Austria, Czech Republic, Hungary, Poland, Ukraine, Belarus, Croatia, Germany, Italy, Liechtenstein, Lithuania, Moldova, Romania, Russia, Serbia, Slovenia, Switzerland, Azerbaijan, Belgium, Bosnia and Herzegovina, Bulgaria, China, Denmark, Estonia, Finland, France, Georgia, Kazakhstan, Kosovo, Latvia, Luxembourg, Macedonia, Mongolia, Montenegro, Netherlands, North Korea, Norway, San Marino, Vatican CitySlovakia
95%
35 - Afghanistan, China, Kyrgyzstan, Uzbekistan, Bhutan, Burma, India, Iran, Kazakhstan, Laos, Mongolia, Nepal, North Korea, Pakistan, Russia, Turkmenistan, Vietnam, Armenia, Azerbaijan, Bangladesh, Belarus, Cambodia, Estonia, Finland, Georgia, Iraq, Latvia, Lithuania, Norway, Poland, South Korea, Sri Lanka, Thailand, Turkey, UkraineTajikistan
95%
47 - Armenia, Azerbaijan, Bulgaria, Georgia, Greece, Iran, Iraq, Syria, Afghanistan, Albania, Israel, Jordan, Kuwait, Lebanon, Macedonia, Pakistan, Romania, Russia, Saudi Arabia, Serbia, Turkmenistan, Belarus, Bosnia and Herzegovina, China, Croatia, Egypt, Estonia, Finland, Hungary, India, Kazakhstan, Kosovo, Latvia, Lithuania, Moldova, Mongolia, Montenegro, North Korea, Norway, Oman, Poland, Qatar, Tajikistan, Ukraine, United Arab Emirates, Uzbekistan, YemenTurkey
95%
36 - Afghanistan, Iran, Kazakhstan, Uzbekistan, Armenia, Azerbaijan, China, Iraq, Kyrgyzstan, Pakistan, Russia, Tajikistan, Turkey, Belarus, Bhutan, Bulgaria, Burma, Estonia, Finland, Georgia, Greece, India, Jordan, Kuwait, Laos, Latvia, Lithuania, Mongolia, Nepal, North Korea, Norway, Poland, Saudi Arabia, Syria, Ukraine, VietnamTurkmenistan
95%
30 - Afghanistan, Kazakhstan, Kyrgyzstan, Tajikistan, Turkmenistan, China, Iran, Pakistan, Russia, Armenia, Azerbaijan, Belarus, Bhutan, Burma, Estonia, Finland, Georgia, India, Iraq, Laos, Latvia, Lithuania, Mongolia, Nepal, North Korea, Norway, Poland, Turkey, Ukraine, VietnamUzbekistan
95%
33 - Cambodia, China, Laos, Afghanistan, Bhutan, Burma, India, Kazakhstan, Kyrgyzstan, Mongolia, Nepal, North Korea, Pakistan, Russia, Tajikistan, Thailand, Azerbaijan, Bangladesh, Belarus, Estonia, Finland, Georgia, Iran, Latvia, Lithuania, Malaysia, Norway, Poland, South Korea, Sri Lanka, Turkmenistan, Ukraine, UzbekistanVietnam
95%
33 - France, Spain, Belgium, Brazil, Germany, Italy, Luxembourg, Monaco, Morocco, Netherlands, Portugal, Suriname, Switzerland, United Kingdom, Algeria, Argentina, Austria, Bolivia, Colombia, Czech Republic, Denmark, Guyana, Ireland, Liechtenstein, Mauritania, Paraguay, Peru, Poland, San Marino, Slovenia, Uruguay, Vatican City, VenezuelaAndorra
94%
20 - Burma, India, Bhutan, China, Laos, Nepal, Pakistan, Sri Lanka, Thailand, Afghanistan, Cambodia, Iran, Kazakhstan, Kyrgyzstan, Malaysia, Mongolia, North Korea, Russia, Tajikistan, VietnamBangladesh
94%
34 - Argentina, Bolivia, Colombia, France, Guyana, Paraguay, Peru, Suriname, Uruguay, Venezuela, Andorra, Belgium, Chile, Ecuador, Germany, Italy, Luxembourg, Monaco, Netherlands, Panama, Spain, Switzerland, Austria, Costa Rica, Czech Republic, Denmark, Liechtenstein, Morocco, Poland, Portugal, San Marino, Slovenia, United Kingdom, Vatican CityBrazil
94%
20 - Laos, Thailand, Vietnam, Burma, China, Malaysia, Afghanistan, Bangladesh, Bhutan, Brunei, India, Indonesia, Kazakhstan, Kyrgyzstan, Mongolia, Nepal, North Korea, Pakistan, Russia, TajikistanCambodia
94%
38 - Austria, France, San Marino, Slovenia, Switzerland, Vatican City, Andorra, Belgium, Brazil, Croatia, Czech Republic, Germany, Hungary, Liechtenstein, Luxembourg, Monaco, Netherlands, Slovakia, Spain, Suriname, Argentina, Bolivia, Bosnia and Herzegovina, Colombia, Denmark, Guyana, Montenegro, Morocco, Paraguay, Peru, Poland, Portugal, Romania, Serbia, Ukraine, United Kingdom, Uruguay, VenezuelaItaly
94%
31 - Romania, Ukraine, Belarus, Bulgaria, Hungary, Poland, Russia, Serbia, Slovakia, Austria, Azerbaijan, Bosnia and Herzegovina, China, Croatia, Czech Republic, Estonia, Finland, Georgia, Germany, Greece, Kazakhstan, Kosovo, Latvia, Lithuania, Macedonia, Mongolia, Montenegro, North Korea, Norway, Slovenia, TurkeyMoldova
94%
30 - France, Andorra, Belgium, Brazil, Germany, Italy, Luxembourg, Netherlands, Spain, Suriname, Switzerland, Argentina, Austria, Bolivia, Colombia, Czech Republic, Denmark, Guyana, Liechtenstein, Morocco, Paraguay, Peru, Poland, Portugal, San Marino, Slovenia, United Kingdom, Uruguay, Vatican City, VenezuelaMonaco
94%
25 - North Korea, China, Russia, Afghanistan, Azerbaijan, Belarus, Bhutan, Burma, Estonia, Finland, Georgia, India, Kazakhstan, Kyrgyzstan, Laos, Latvia, Lithuania, Mongolia, Nepal, Norway, Pakistan, Poland, Tajikistan, Ukraine, VietnamSouth Korea
94%
18 - India, Bangladesh, Bhutan, Burma, China, Nepal, Pakistan, Afghanistan, Iran, Kazakhstan, Kyrgyzstan, Laos, Mongolia, North Korea, Russia, Tajikistan, Thailand, VietnamSri Lanka
94%
33 - Brazil, France, Guyana, Andorra, Argentina, Belgium, Bolivia, Colombia, Germany, Italy, Luxembourg, Monaco, Netherlands, Paraguay, Peru, Spain, Switzerland, Uruguay, Venezuela, Austria, Chile, Czech Republic, Denmark, Ecuador, Liechtenstein, Morocco, Panama, Poland, Portugal, San Marino, Slovenia, United Kingdom, Vatican CitySuriname
94%
23 - Burma, Cambodia, Laos, Malaysia, Bangladesh, Brunei, China, India, Indonesia, Vietnam, Afghanistan, Bhutan, East Timor, Kazakhstan, Kyrgyzstan, Mongolia, Nepal, North Korea, Pakistan, Papua New Guinea, Russia, Sri Lanka, TajikistanThailand
94%
22 - Bolivia, Brazil, Chile, Paraguay, Uruguay, Colombia, France, Guyana, Peru, Suriname, Venezuela, Andorra, Belgium, Ecuador, Germany, Italy, Luxembourg, Monaco, Netherlands, Panama, Spain, SwitzerlandArgentina
93%
22 - Argentina, Brazil, Chile, Paraguay, Peru, Colombia, Ecuador, France, Guyana, Suriname, Uruguay, Venezuela, Andorra, Belgium, Germany, Italy, Luxembourg, Monaco, Netherlands, Panama, Spain, SwitzerlandBolivia
93%
24 - Brazil, Ecuador, Panama, Peru, Venezuela, Argentina, Bolivia, Chile, Costa Rica, France, Guyana, Paraguay, Suriname, Uruguay, Andorra, Belgium, Germany, Italy, Luxembourg, Monaco, Netherlands, Nicaragua, Spain, SwitzerlandColombia
93%
22 - Brazil, Suriname, Venezuela, Argentina, Bolivia, Colombia, France, Paraguay, Peru, Uruguay, Andorra, Belgium, Chile, Ecuador, Germany, Italy, Luxembourg, Monaco, Netherlands, Panama, Spain, SwitzerlandGuyana
93%
22 - Argentina, Bolivia, Brazil, Chile, Colombia, France, Guyana, Peru, Suriname, Uruguay, Venezuela, Andorra, Belgium, Ecuador, Germany, Italy, Luxembourg, Monaco, Netherlands, Panama, Spain, SwitzerlandParaguay
93%
23 - Bolivia, Brazil, Chile, Colombia, Ecuador, Argentina, France, Guyana, Panama, Paraguay, Suriname, Uruguay, Venezuela, Andorra, Belgium, Costa Rica, Germany, Italy, Luxembourg, Monaco, Netherlands, Spain, SwitzerlandPeru
93%
17 - Spain, Andorra, France, Morocco, United Kingdom, Algeria, Belgium, Brazil, Germany, Ireland, Italy, Luxembourg, Mauritania, Monaco, Netherlands, Suriname, SwitzerlandPortugal
93%
17 - Ireland, Spain, Andorra, France, Morocco, Portugal, Algeria, Belgium, Brazil, Germany, Italy, Luxembourg, Mauritania, Monaco, Netherlands, Suriname, SwitzerlandUnited Kingdom
93%
22 - Argentina, Brazil, Bolivia, Chile, Colombia, France, Guyana, Paraguay, Peru, Suriname, Venezuela, Andorra, Belgium, Ecuador, Germany, Italy, Luxembourg, Monaco, Netherlands, Panama, Spain, SwitzerlandUruguay
93%
23 - Brazil, Colombia, Guyana, Argentina, Bolivia, Ecuador, France, Panama, Paraguay, Peru, Suriname, Uruguay, Andorra, Belgium, Chile, Costa Rica, Germany, Italy, Luxembourg, Monaco, Netherlands, Spain, SwitzerlandVenezuela
93%
7 - Guatemala, Mexico, El Salvador, Honduras, United States, Canada, NicaraguaBelize
92%
4 - United States, Mexico, Belize, GuatemalaCanada
92%
8 - Belize, El Salvador, Honduras, Mexico, Nicaragua, United States, Canada, Costa RicaGuatemala
92%
7 - Belize, Guatemala, United States, Canada, El Salvador, Honduras, NicaraguaMexico
92%
6 - Canada, Mexico, Belize, Guatemala, El Salvador, HondurasUnited States
92%
30 - Israel, Libya, Sudan, Algeria, Central African Republic, Chad, Eritrea, Ethiopia, Jordan, Lebanon, Niger, South Sudan, Syria, Tunisia, Benin, Burkina Faso, Cameroon, Democratic Republic of the Congo, Djibouti, Iraq, Kenya, Mali, Mauritania, Morocco, Nigeria, Republic of the Congo, Saudi Arabia, Somalia, Turkey, UgandaEgypt
91%
35 - Algeria, Chad, Egypt, Niger, Sudan, Tunisia, Benin, Burkina Faso, Cameroon, Central African Republic, Eritrea, Ethiopia, Israel, Mali, Mauritania, Morocco, Nigeria, South Sudan, Cote d'Ivoire, Democratic Republic of the Congo, Djibouti, Equatorial Guinea, Gabon, Ghana, Guinea, Jordan, Kenya, Lebanon, Republic of the Congo, Senegal, Somalia, Spain, Syria, Togo, UgandaLibya
91%
15 - Finland, Norway, Russia, Azerbaijan, Belarus, China, Estonia, Georgia, Kazakhstan, Latvia, Lithuania, Mongolia, North Korea, Poland, UkraineSweden
91%
28 - Central African Republic, Chad, Equatorial Guinea, Gabon, Nigeria, Republic of the Congo, Angola, Benin, Democratic Republic of the Congo, Libya, Niger, South Sudan, Sudan, Algeria, Burkina Faso, Burundi, Egypt, Eritrea, Ethiopia, Kenya, Mali, Namibia, Rwanda, Tanzania, Togo, Tunisia, Uganda, ZambiaCameroon
90%
34 - Cameroon, Chad, Democratic Republic of the Congo, Republic of the Congo, South Sudan, Sudan, Angola, Burundi, Egypt, Equatorial Guinea, Eritrea, Ethiopia, Gabon, Kenya, Libya, Niger, Nigeria, Rwanda, Tanzania, Uganda, Zambia, Algeria, Benin, Botswana, Burkina Faso, Djibouti, Israel, Malawi, Mali, Mozambique, Namibia, Somalia, Tunisia, ZimbabweCentral African
Republic
90%
36 - Cameroon, Central African Republic, Libya, Niger, Nigeria, Sudan, Algeria, Benin, Burkina Faso, Democratic Republic of the Congo, Egypt, Equatorial Guinea, Eritrea, Ethiopia, Gabon, Mali, Republic of the Congo, South Sudan, Tunisia, Angola, Burundi, Cote d'Ivoire, Djibouti, Ghana, Guinea, Israel, Kenya, Mauritania, Morocco, Rwanda, Senegal, Somalia, Tanzania, Togo, Uganda, ZambiaChad
90%
30 - Angola, Burundi, Central African Republic, Republic of the Congo, Rwanda, South Sudan, Tanzania, Uganda, Zambia, Botswana, Cameroon, Chad, Ethiopia, Gabon, Kenya, Malawi, Mozambique, Namibia, Sudan, Zimbabwe, Djibouti, Egypt, Equatorial Guinea, Eritrea, Libya, Niger, Nigeria, Somalia, South Africa, SwazilandD. R. Congo
90%
7 - Guatemala, Honduras, Belize, Mexico, Nicaragua, Costa Rica, United StatesEl Salvador
90%
20 - Djibouti, Ethiopia, Sudan, Central African Republic, Chad, Egypt, Kenya, Libya, Somalia, South Sudan, Algeria, Cameroon, Democratic Republic of the Congo, Israel, Niger, Nigeria, Republic of the Congo, Tanzania, Tunisia, UgandaEritrea
90%
26 - Djibouti, Eritrea, Kenya, Somalia, South Sudan, Sudan, Central African Republic, Chad, Democratic Republic of the Congo, Egypt, Libya, Tanzania, Uganda, Algeria, Angola, Burundi, Cameroon, Israel, Malawi, Mozambique, Niger, Nigeria, Republic of the Congo, Rwanda, Tunisia, ZambiaEthiopia
90%
8 - El Salvador, Guatemala, Nicaragua, Belize, Costa Rica, Mexico, Panama, United StatesHonduras
90%
25 - Austria, Switzerland, Czech Republic, France, Germany, Hungary, Italy, Slovakia, Slovenia, Andorra, Belgium, Brazil, Croatia, Denmark, Luxembourg, Monaco, Netherlands, Poland, Romania, San Marino, Serbia, Spain, Suriname, Ukraine, Vatican CityLiechtenstein
90%
32 - Algeria, Benin, Burkina Faso, Chad, Libya, Mali, Nigeria, Cameroon, Central African Republic, Cote d'Ivoire, Egypt, Ghana, Guinea, Mauritania, Morocco, Senegal, Sudan, Togo, Tunisia, Democratic Republic of the Congo, Equatorial Guinea, Eritrea, Ethiopia, Gabon, Gambia, Guinea-Bissau, Israel, Liberia, Republic of the Congo, Sierra Leone, South Sudan, SpainNiger
90%
27 - Benin, Cameroon, Chad, Niger, Algeria, Burkina Faso, Central African Republic, Equatorial Guinea, Gabon, Libya, Mali, Republic of the Congo, Sudan, Togo, Angola, Cote d'Ivoire, Democratic Republic of the Congo, Egypt, Eritrea, Ethiopia, Ghana, Guinea, Mauritania, Morocco, Senegal, South Sudan, TunisiaNigeria
90%
28 - Angola, Cameroon, Central African Republic, Democratic Republic of the Congo, Gabon, Burundi, Chad, Equatorial Guinea, Namibia, Nigeria, Rwanda, South Sudan, Sudan, Tanzania, Uganda, Zambia, Benin, Botswana, Egypt, Eritrea, Ethiopia, Kenya, Libya, Malawi, Mozambique, Niger, South Africa, ZimbabweRep. of the Congo
90%
31 - Central African Republic, Democratic Republic of the Congo, Ethiopia, Kenya, Sudan, Uganda, Angola, Burundi, Cameroon, Chad, Djibouti, Egypt, Eritrea, Libya, Republic of the Congo, Rwanda, Somalia, Tanzania, Zambia, Algeria, Botswana, Equatorial Guinea, Gabon, Israel, Malawi, Mozambique, Namibia, Niger, Nigeria, Tunisia, ZimbabweSouth Sudan
90%
34 - Central African Republic, Chad, Egypt, Eritrea, Ethiopia, Libya, South Sudan, Algeria, Cameroon, Democratic Republic of the Congo, Djibouti, Israel, Kenya, Niger, Nigeria, Republic of the Congo, Somalia, Tunisia, Uganda, Angola, Benin, Burkina Faso, Burundi, Equatorial Guinea, Gabon, Jordan, Lebanon, Mali, Mauritania, Morocco, Rwanda, Syria, Tanzania, ZambiaSudan
90%
28 - Iraq, Israel, Jordan, Lebanon, Turkey, Armenia, Azerbaijan, Bulgaria, Egypt, Georgia, Greece, Iran, Kuwait, Saudi Arabia, Afghanistan, Albania, Libya, Macedonia, Oman, Pakistan, Qatar, Romania, Russia, Serbia, Sudan, Turkmenistan, United Arab Emirates, YemenSyria
90%
26 - Ethiopia, Somalia, South Sudan, Tanzania, Uganda, Burundi, Central African Republic, Democratic Republic of the Congo, Djibouti, Eritrea, Malawi, Mozambique, Rwanda, Sudan, Zambia, Angola, Botswana, Cameroon, Chad, Egypt, Libya, Namibia, Republic of the Congo, South Africa, Swaziland, ZimbabweKenya
89%
20 - Italy, Austria, France, Slovenia, Switzerland, Vatican City, Andorra, Belgium, Brazil, Croatia, Czech Republic, Germany, Hungary, Liechtenstein, Luxembourg, Monaco, Netherlands, Slovakia, Spain, SurinameSan Marino
89%
27 - Democratic Republic of the Congo, Kenya, Rwanda, South Sudan, Tanzania, Angola, Burundi, Central African Republic, Ethiopia, Malawi, Mozambique, Republic of the Congo, Somalia, Sudan, Zambia, Botswana, Cameroon, Chad, Djibouti, Egypt, Eritrea, Gabon, Libya, Namibia, South Africa, Swaziland, ZimbabweUganda
89%
20 - Italy, Austria, France, San Marino, Slovenia, Switzerland, Andorra, Belgium, Brazil, Croatia, Czech Republic, Germany, Hungary, Liechtenstein, Luxembourg, Monaco, Netherlands, Slovakia, Spain, SurinameVatican City
89%
25 - Democratic Republic of the Congo, Namibia, Republic of the Congo, Zambia, Botswana, Burundi, Cameroon, Central African Republic, Gabon, Malawi, Mozambique, Rwanda, South Africa, South Sudan, Tanzania, Uganda, Zimbabwe, Chad, Equatorial Guinea, Ethiopia, Kenya, Lesotho, Nigeria, Sudan, SwazilandAngola
88%
33 - Greece, Macedonia, Romania, Serbia, Turkey, Albania, Armenia, Azerbaijan, Bosnia and Herzegovina, Croatia, Georgia, Hungary, Iran, Iraq, Kosovo, Moldova, Montenegro, Syria, Ukraine, Afghanistan, Austria, Belarus, Israel, Jordan, Kuwait, Lebanon, Pakistan, Poland, Russia, Saudi Arabia, Slovakia, Slovenia, TurkmenistanBulgaria
88%
23 - Democratic Republic of the Congo, Rwanda, Tanzania, Angola, Central African Republic, Kenya, Malawi, Mozambique, Republic of the Congo, South Sudan, Uganda, Zambia, Botswana, Cameroon, Chad, Ethiopia, Gabon, Namibia, Somalia, South Africa, Sudan, Swaziland, ZimbabweBurundi
88%
27 - Bosnia and Herzegovina, Hungary, Montenegro, Serbia, Slovenia, Albania, Austria, Bulgaria, Italy, Kosovo, Macedonia, Romania, Slovakia, Ukraine, Belarus, Czech Republic, France, Germany, Greece, Liechtenstein, Moldova, Poland, Russia, San Marino, Switzerland, Turkey, Vatican CityCroatia
88%
23 - Burundi, Democratic Republic of the Congo, Tanzania, Uganda, Angola, Central African Republic, Kenya, Malawi, Mozambique, Republic of the Congo, South Sudan, Zambia, Botswana, Cameroon, Chad, Ethiopia, Gabon, Namibia, Somalia, South Africa, Sudan, Swaziland, ZimbabweRwanda
88%
26 - Burundi, Democratic Republic of the Congo, Kenya, Malawi, Mozambique, Rwanda, Uganda, Zambia, Angola, Botswana, Central African Republic, Ethiopia, Namibia, Republic of the Congo, Somalia, South Africa, South Sudan, Swaziland, Zimbabwe, Cameroon, Chad, Djibouti, Eritrea, Gabon, Lesotho, SudanTanzania
88%
24 - Angola, Botswana, Democratic Republic of the Congo, Malawi, Mozambique, Namibia, Tanzania, Zimbabwe, Burundi, Central African Republic, Kenya, Republic of the Congo, Rwanda, South Africa, South Sudan, Swaziland, Uganda, Cameroon, Chad, Ethiopia, Gabon, Lesotho, Somalia, SudanZambia
88%
32 - Libya, Mali, Mauritania, Morocco, Niger, Tunisia, Benin, Burkina Faso, Chad, Cote d'Ivoire, Egypt, Guinea, Nigeria, Senegal, Spain, Sudan, Andorra, Cameroon, Central African Republic, Eritrea, Ethiopia, France, Gambia, Ghana, Guinea-Bissau, Israel, Liberia, Portugal, Sierra Leone, South Sudan, Togo, United KingdomAlgeria
87%
23 - Burkina Faso, Niger, Nigeria, Togo, Algeria, Cameroon, Chad, Cote d'Ivoire, Ghana, Libya, Mali, Central African Republic, Egypt, Equatorial Guinea, Gabon, Guinea, Liberia, Mauritania, Morocco, Republic of the Congo, Senegal, Sudan, TunisiaBenin
87%
28 - Albania, Bulgaria, Macedonia, Turkey, Armenia, Azerbaijan, Georgia, Iran, Iraq, Kosovo, Montenegro, Romania, Serbia, Syria, Afghanistan, Bosnia and Herzegovina, Croatia, Hungary, Israel, Jordan, Kuwait, Lebanon, Moldova, Pakistan, Russia, Saudi Arabia, Turkmenistan, UkraineGreece
87%
13 - Argentina, Bolivia, Peru, Brazil, Colombia, Ecuador, Paraguay, Uruguay, France, Guyana, Panama, Suriname, VenezuelaChile
86%
14 - Colombia, Peru, Bolivia, Brazil, Chile, Panama, Venezuela, Argentina, Costa Rica, France, Guyana, Paraguay, Suriname, UruguayEcuador
86%
26 - Algeria, Mali, Morocco, Senegal, Burkina Faso, Cote d'Ivoire, Gambia, Guinea, Guinea-Bissau, Libya, Niger, Spain, Tunisia, Andorra, Benin, Chad, Egypt, France, Ghana, Liberia, Nigeria, Portugal, Sierra Leone, Sudan, Togo, United KingdomMauritania
86%
16 - Colombia, Costa Rica, Brazil, Ecuador, Nicaragua, Peru, Venezuela, Argentina, Bolivia, Chile, France, Guyana, Honduras, Paraguay, Suriname, UruguayPanama
86%
30 - Bosnia and Herzegovina, Bulgaria, Croatia, Hungary, Kosovo, Macedonia, Montenegro, Romania, Albania, Austria, Greece, Moldova, Slovakia, Slovenia, Turkey, Ukraine, Armenia, Azerbaijan, Belarus, Czech Republic, Georgia, Germany, Iran, Iraq, Italy, Liechtenstein, Poland, Russia, Switzerland, SyriaSerbia
86%
18 - Djibouti, Ethiopia, Kenya, Eritrea, South Sudan, Sudan, Tanzania, Uganda, Burundi, Central African Republic, Chad, Democratic Republic of the Congo, Egypt, Libya, Malawi, Mozambique, Rwanda, ZambiaSomalia
86%
13 - Eritrea, Ethiopia, Somalia, Kenya, South Sudan, Sudan, Central African Republic, Chad, Democratic Republic of the Congo, Egypt, Libya, Tanzania, UgandaDjibouti
85%
19 - Cameroon, Equatorial Guinea, Republic of the Congo, Angola, Central African Republic, Chad, Democratic Republic of the Congo, Nigeria, Benin, Burundi, Libya, Namibia, Niger, Rwanda, South Sudan, Sudan, Tanzania, Uganda, ZambiaGabon
85%
13 - Cameroon, Gabon, Central African Republic, Chad, Nigeria, Republic of the Congo, Angola, Benin, Democratic Republic of the Congo, Libya, Niger, South Sudan, SudanEquatorial Guinea
84%
20 - Mozambique, Tanzania, Zambia, Angola, Botswana, Burundi, Democratic Republic of the Congo, Kenya, Namibia, Rwanda, South Africa, Swaziland, Uganda, Zimbabwe, Central African Republic, Ethiopia, Lesotho, Republic of the Congo, Somalia, South SudanMalawi
84%
20 - Malawi, South Africa, Swaziland, Tanzania, Zambia, Zimbabwe, Angola, Botswana, Burundi, Democratic Republic of the Congo, Kenya, Lesotho, Namibia, Rwanda, Uganda, Central African Republic, Ethiopia, Republic of the Congo, Somalia, South SudanMozambique
84%
18 - Namibia, South Africa, Zambia, Zimbabwe, Angola, Democratic Republic of the Congo, Lesotho, Malawi, Mozambique, Swaziland, Tanzania, Burundi, Central African Republic, Kenya, Republic of the Congo, Rwanda, South Sudan, UgandaBotswana
83%
20 - Angola, Botswana, South Africa, Zambia, Democratic Republic of the Congo, Lesotho, Malawi, Mozambique, Republic of the Congo, Swaziland, Tanzania, Zimbabwe, Burundi, Cameroon, Central African Republic, Gabon, Kenya, Rwanda, South Sudan, UgandaNamibia
83%
18 - Botswana, Mozambique, South Africa, Zambia, Angola, Democratic Republic of the Congo, Lesotho, Malawi, Namibia, Swaziland, Tanzania, Burundi, Central African Republic, Kenya, Republic of the Congo, Rwanda, South Sudan, UgandaZimbabwe
83%
16 - Botswana, Lesotho, Mozambique, Namibia, Swaziland, Zimbabwe, Angola, Malawi, Tanzania, Zambia, Burundi, Democratic Republic of the Congo, Kenya, Republic of the Congo, Rwanda, UgandaSouth Africa
82%
15 - Mozambique, South Africa, Botswana, Lesotho, Malawi, Namibia, Tanzania, Zambia, Zimbabwe, Angola, Burundi, Democratic Republic of the Congo, Kenya, Rwanda, UgandaSwaziland
82%
28 - Egypt, Jordan, Lebanon, Syria, Iraq, Libya, Saudi Arabia, Sudan, Turkey, Algeria, Armenia, Azerbaijan, Bulgaria, Central African Republic, Chad, Eritrea, Ethiopia, Georgia, Greece, Iran, Kuwait, Niger, Oman, Qatar, South Sudan, Tunisia, United Arab Emirates, YemenIsrael
80%
24 - Algeria, Burkina Faso, Cote d'Ivoire, Guinea, Mauritania, Niger, Senegal, Benin, Chad, Gambia, Ghana, Guinea-Bissau, Liberia, Libya, Morocco, Nigeria, Sierra Leone, Togo, Tunisia, Cameroon, Central African Republic, Egypt, Spain, SudanMali
80%
22 - Algeria, Libya, Chad, Egypt, Mali, Mauritania, Morocco, Niger, Sudan, Benin, Burkina Faso, Cameroon, Central African Republic, Cote d'Ivoire, Eritrea, Ethiopia, Guinea, Israel, Nigeria, Senegal, South Sudan, SpainTunisia
80%
23 - Benin, Cote d'Ivoire, Ghana, Mali, Niger, Togo, Algeria, Chad, Guinea, Liberia, Libya, Mauritania, Nigeria, Senegal, Cameroon, Central African Republic, Egypt, Gambia, Guinea-Bissau, Morocco, Sierra Leone, Sudan, TunisiaBurkina Faso
79%
10 - Nicaragua, Panama, Colombia, Honduras, Brazil, Ecuador, El Salvador, Guatemala, Peru, VenezuelaCosta Rica
78%
20 - Gambia, Guinea, Guinea-Bissau, Mali, Mauritania, Algeria, Burkina Faso, Cote d'Ivoire, Liberia, Morocco, Niger, Sierra Leone, Benin, Chad, Ghana, Libya, Nigeria, Spain, Togo, TunisiaSenegal
71%
19 - Burkina Faso, Ghana, Guinea, Liberia, Mali, Algeria, Benin, Guinea-Bissau, Mauritania, Niger, Senegal, Sierra Leone, Togo, Chad, Gambia, Libya, Morocco, Nigeria, TunisiaCôte d'Ivoire
70%
19 - Cote d'Ivoire, Guinea-Bissau, Liberia, Mali, Senegal, Sierra Leone, Algeria, Burkina Faso, Gambia, Ghana, Mauritania, Niger, Benin, Chad, Libya, Morocco, Nigeria, Togo, TunisiaGuinea
70%
16 - Burkina Faso, Cote d'Ivoire, Togo, Benin, Guinea, Liberia, Mali, Niger, Algeria, Chad, Guinea-Bissau, Libya, Mauritania, Nigeria, Senegal, Sierra LeoneGhana
69%
12 - Brunei, Indonesia, Thailand, Burma, Cambodia, East Timor, Laos, Papua New Guinea, Bangladesh, China, India, VietnamMalaysia
69%
15 - Benin, Burkina Faso, Ghana, Cote d'Ivoire, Mali, Niger, Nigeria, Algeria, Cameroon, Chad, Guinea, Liberia, Libya, Mauritania, SenegalTogo
69%
23 - Iraq, Israel, Saudi Arabia, Syria, Egypt, Iran, Kuwait, Lebanon, Oman, Qatar, Turkey, United Arab Emirates, Yemen, Afghanistan, Armenia, Azerbaijan, Bulgaria, Georgia, Greece, Libya, Pakistan, Sudan, TurkmenistanJordan
68%
21 - Iraq, Jordan, Kuwait, Oman, Qatar, United Arab Emirates, Yemen, Iran, Israel, Syria, Turkey, Afghanistan, Armenia, Azerbaijan, Bulgaria, Egypt, Georgia, Greece, Lebanon, Pakistan, TurkmenistanSaudi Arabia
64%
20 - Iraq, Saudi Arabia, Iran, Jordan, Oman, Qatar, Syria, Turkey, United Arab Emirates, Yemen, Afghanistan, Armenia, Azerbaijan, Bulgaria, Georgia, Greece, Israel, Lebanon, Pakistan, TurkmenistanKuwait
61%
16 - Israel, Syria, Egypt, Iraq, Jordan, Turkey, Armenia, Azerbaijan, Bulgaria, Georgia, Greece, Iran, Kuwait, Libya, Saudi Arabia, SudanLebanon
61%
13 - Guinea, Senegal, Cote d'Ivoire, Gambia, Liberia, Mali, Mauritania, Sierra Leone, Algeria, Burkina Faso, Ghana, Morocco, NigerGuinea-Bissau
60%
14 - Cote d'Ivoire, Guinea, Sierra Leone, Burkina Faso, Ghana, Guinea-Bissau, Mali, Senegal, Algeria, Benin, Gambia, Mauritania, Niger, TogoLiberia
60%
12 - Guinea, Liberia, Cote d'Ivoire, Guinea-Bissau, Mali, Senegal, Algeria, Burkina Faso, Gambia, Ghana, Mauritania, NigerSierra Leone
60%
11 - Saudi Arabia, United Arab Emirates, Yemen, Iraq, Jordan, Kuwait, Qatar, Iran, Israel, Syria, TurkeyOman
59%
11 - Saudi Arabia, United Arab Emirates, Iraq, Jordan, Kuwait, Oman, Yemen, Iran, Israel, Syria, TurkeyQatar
59%
11 - Oman, Qatar, Saudi Arabia, Iraq, Jordan, Kuwait, Yemen, Iran, Israel, Syria, TurkeyUnited Arab Emirates
59%
11 - Oman, Saudi Arabia, Iraq, Jordan, Kuwait, Qatar, United Arab Emirates, Iran, Israel, Syria, TurkeyYemen
59%
12 - Senegal, Guinea, Guinea-Bissau, Mali, Mauritania, Algeria, Burkina Faso, Cote d'Ivoire, Liberia, Morocco, Niger, Sierra LeoneGambia
58%
6 - United Kingdom, Spain, Andorra, France, Morocco, PortugalIreland
43%
8 - Costa Rica, Honduras, El Salvador, Guatemala, Panama, Belize, Colombia, MexicoNicaragua
42%
8 - Malaysia, Indonesia, Thailand, Burma, Cambodia, East Timor, Laos, Papua New GuineaBrunei
38%
5 - Indonesia, Malaysia, Papua New Guinea, Brunei, ThailandEast Timor
38%
8 - East Timor, Malaysia, Papua New Guinea, Brunei, Thailand, Burma, Cambodia, LaosIndonesia
38%
5 - Indonesia, East Timor, Malaysia, Brunei, ThailandPapua New Guinea
38%
17 - Croatia, Montenegro, Serbia, Albania, Bulgaria, Hungary, Kosovo, Macedonia, Romania, Slovenia, Austria, Greece, Italy, Moldova, Slovakia, Turkey, UkraineBosnia and
Herzegovina
33%
17 - Albania, Bosnia and Herzegovina, Croatia, Kosovo, Serbia, Bulgaria, Greece, Hungary, Macedonia, Romania, Slovenia, Austria, Italy, Moldova, Slovakia, Turkey, UkraineMontenegro
33%
22 - Albania, Bulgaria, Greece, Kosovo, Serbia, Bosnia and Herzegovina, Croatia, Hungary, Montenegro, Romania, Turkey, Armenia, Austria, Azerbaijan, Georgia, Iran, Iraq, Moldova, Slovakia, Slovenia, Syria, UkraineMacedonia
31%
18 - Greece, Kosovo, Macedonia, Montenegro, Bosnia and Herzegovina, Bulgaria, Croatia, Serbia, Turkey, Armenia, Azerbaijan, Georgia, Hungary, Iran, Iraq, Romania, Slovenia, SyriaAlbania
29%
16 - Albania, Macedonia, Montenegro, Serbia, Bosnia and Herzegovina, Bulgaria, Croatia, Greece, Hungary, Romania, Austria, Moldova, Slovakia, Slovenia, Turkey, UkraineKosovo
27%
10 - South Africa, Botswana, Mozambique, Namibia, Swaziland, Zimbabwe, Angola, Malawi, Tanzania, ZambiaLesotho
26%
1 - HaitiDominican Republic
18%
1 - Dominican RepublicHaiti
18%

Score Distribution

Percentile by Number Answered

Percent of People with Each Score

Your Score History

You have not taken this quiz